| 000 | 00881nam a2200205 a 4500 | ||
|---|---|---|---|
| 001 | ASIN8130923033 | ||
| 005 | 20170105102932.0 | ||
| 008 | 140722s xxu eng d | ||
| 020 | _a8130923033 (hardcover) | ||
| 020 | _a9788130923031 (hardcover) | ||
| 040 | _a0 | ||
| 082 |
_a331.1 _bMOH 2013 |
||
| 100 | _aMohapatra, Nirmalendu | ||
| 245 | 0 | 0 |
_aModernization of human resource traditions. _cNimalendu Mohapatra |
| 260 |
_aNew Delhi _bViva, _c2013 |
||
| 300 |
_a202 p. _c23 cm. |
||
| 650 | _aTradition and Modernity, Difference and Similarities in HRM and IT, Perspective of HR Modernization, Knowing the employee Better: The Designing and Development Process in HRMS, Knowing the Employee Better: The Transition Process in HRMS, Modernizing the Tradition | ||
| 856 | 4 | 0 |
_3Amazon.com _uhttp://www.amazon.com/exec/obidos/ASIN/8130923033/chopaconline-20 |
| 942 |
_2ddc _cBK |
||
| 999 |
_c16082 _d16082 |
||